Statistics for Countries That Have the Most Water

Click here to take the quiz!

General Stats

  • This quiz has been taken 54 times
  • The average score is 11 of 15

Answer Stats

KilolitersCountry% Correct
5.7TBrazil
98%
2.8TUnited States
98%
4.3TRussia
96%
2.9TCanada
94%
2.8TChina
94%
1.4TIndia
89%
2TIndonesia
83%
2.1TColombia
79%
885BChile
72%
1.6TPeru
72%
805BVenezuela
72%
900BDemocratic Republic of the Congo
66%
580BMalaysia
43%
1TMyanmar
32%
801BPapua New Guinea
23%

Score Distribution

Percentile by Number Answered

Percent of People with Each Score

Your Score History

You have not taken this quiz